| 000 | 02249nam a22003495a 4500 | ||
|---|---|---|---|
| 005 | 20090622161940.0 | ||
| 008 | 090324s2009 ii a b 001 0 eng | ||
| 010 | _aENG-94187 | ||
| 020 |
_a9780415481410 _c845.00 |
||
| 035 | _aEN-77720 | ||
| 035 | _aB-361830-834 | ||
| 037 | _bDBAD / PUB | ||
| 037 | _bUppal Book Store | ||
| 040 |
_adpl _bEnglish |
||
| 082 | _a954.7053 | ||
| 245 |
_aPakistan in regional and global politics / _cedited by Rajshree Jetly |
||
| 260 |
_aNew Delhi _bRoutledge _c2009 |
||
| 270 |
_a912-915 Tolstory House, 15-17 Tolstoy Marg _bNew Delhi _e110001 |
||
| 300 |
_axxxv, 365p. _c23cm(Hb) |
||
| 500 | _aIncludes bibliographical references and index | ||
| 651 |
_aPakistan _xPolitics and Government _y2001- |
||
| 651 |
_aPakistan _xForeign relations |
||
| 700 | _aJetly, Rajshree | ||
| 942 |
_2ddc _cEN _mPAK _h954.7053 |
||
| 999 |
_c27783 _d27783 |
||